Trồng trọt, số 13: Cách trồng trọt

保存先:
書誌詳細
フォーマット: 図書
タグ: タグ追加
タグなし, このレコードへの初めてのタグを付けませんか!
Thư viện lưu trữ: Mạng thư viện Đại học Đà Nẵng
LEADER 00417nam a22001691a 4500
001 000039573
003 15868
005 20160412022619.0
008 160412s0 000
082 |a 4N(TK)120 
245 |a Trồng trọt, số 13: Cách trồng trọt 
OWN |a LNN 
999 |a From the UDN01 
TYP |a Monograph 
980 |a Mạng thư viện Đại học Đà Nẵng